000 00477nam a2200181Ia 4500
001 20028
005 20260306172736.0
008 260306t2017||||xx |||||||||||||| ||spa||
041 _aESP
082 _a342.211
_bC32
100 _aCastillo Alva, José Luis
_eAUT
245 0 _aEl derecho a interrogar a los testigos:
_bbases y límites convencionales
260 _c2017
300 _a249 páginas :
_c25 cm.
650 _aGEN
654 _aCDE
942 _cLIB
_dJUS
_fJUS
_2ddc
_n
999 _c20028
_d20028